000 01231cam a2200349 i 4500
001 19618644
003 OSt
005 20231229141201.0
008 170502s2018 nyu b 001 0 eng
010 _a 2017005842
020 _a9780134519258
020 _a0134519256
040 _aDLC
_beng
_cDLC
_erda
_dDLC
042 _apcc
050 0 0 _aHF5415.6
_b.J6 2018
082 0 0 _a658.5
_bMUR/C
100 1 _aMurphy, Paul Regis
_eauthor.
_910234
245 1 0 _aContemporary logistics /
_cPaul R. Murphy, Jr., A. Michael Knemeyer.
250 _aTwelfth edition.
264 1 _aNew York, NY :
_bPearson Education,
_c[2018]
300 _axviii, 293 pages ;
_c27 cm
336 _atext
_btxt
_2rdacontent
337 _aunmediated
_bn
_2rdamedia
338 _avolume
_bnc
_2rdacarrier
504 _aIncludes bibliographical references and index.
650 0 _aPhysical distribution of goods.
650 0 _aBusiness logistics.
700 1 _aKnemeyer, A. Michael
_q(August Michael),
_eauthor.
906 _a7
_bcbc
_corignew
_d1
_eecip
_f20
_gy-gencatlg
942 _2ddc
_cBK
_h658.5
_iMUR/C
_k658.5
_mMUR/C
999 _c44237
_d44237